[Event "Tournoi Skype 017A"]
[Site "Skype"]
[Date "????.??.??"]
[Round "4.2"]
[White "Hervais, Adrien"]
[Black "Elias, Roberto"]
[Result "1-0"]
[WhiteElo "1995"]
[BlackElo "1903"]
[PlyCount "143"]

1. f4 d5 2. Nf3 c5 3. b3 Nc6 4. e3 Bg4 5. Bb2 e6 6. Be2 Nf6 7. d3 Bd6 8. Nbd2
O-O 9. O-O d4 10. Nxd4 cxd4 11. Bxg4 dxe3 12. Nc4 Bc5 13. Kh1 b5 14. Ne5 Ne7
15. d4 Bb6 16. Qe2 Nxg4 17. Nxg4 Nf5 18. c3 Qh4 19. Kg1 Bc7 20. g3 Nxg3 21.
hxg3 Qxg3+ 22. Qg2 Qh4 23. Bc1 f5 24. Nxe3 Bxf4 25. Nxf5 Rxf5 26. Bxf4 Raf8 27.
Be3 b4 28. c4 R5f6 29. Rxf6 Rxf6 30. Qa8+ Kf7 31. Qb7+ Ke8 32. Qb5+ Kf7 33.
Qd7+ Kg8 34. Qe8+ Rf8 35. Qxe6+ Kh8 36. Kg2 Qh5 37. Qe4 Qe2+ 38. Kg3 h6 39. d5
Rf2 40. d6 Rg2+ 41. Qxg2 Qxe3+ 42. Qf3 Qe5+ 43. Kh3 Qe6+ 44. Kg2 Qg6+ 45. Kf1
Qxd6 46. Rd1 Qe7 47. Re1 Qd7 48. Re3 Qd8 49. Rd3 Qg5 50. Rd7 Qc1+ 51. Kg2 Qb2+
52. Qf2 Qe5 53. Rd5 Qe4+ 54. Qf3 Qg6+ 55. Kh2 Qc2+ 56. Qg2 Qc3 57. c5 Qf6 58.
c6 Qf4+ 59. Qg3 Qc1 60. c7 Qc2+ 61. Kh3 Kh7 62. Rd8 Qf5+ 63. Kh2 Qh5+ 64. Kg1
Qc5+ 65. Kf1 Qc1+ 66. Ke2 Qc2+ 67. Kf3 Qf5+ 68. Qf4 Qh3+ 69. Ke4 Qe6+ 70. Kd4
Qb6+ 71. Kd3 Qb5+ 72. Qc4 1-0

[Event "Tournoi Skype 017A"]
[Site "Skype"]
[Date "????.??.??"]
[Round "4.3"]
[White "Hilton, Stephen"]
[Black "Casey, Eamonn"]
[Result "1-0"]
[WhiteElo "1909"]
[BlackElo "1699"]
[PlyCount "69"]

1. Nf3 Nf6 2. g3 e6 3. Bg2 d5 4. O-O g6 5. b3 Bg7 6. Bb2 O-O 7. d3 Nbd7 8. Nbd2
Nb6 9. e4 dxe4 10. dxe4 Bd7 11. Qe2 Rb8 12. c4 c5 13. Rfd1 Qc8 14. e5 Ne8 15.
Ne4 f5 16. exf6 Nxf6 17. Nd6 Qd8 18. Ne5 Qc7 19. Nxd7 Qxd7 20. Nxb7 Qe7 21. Nd6
Rbd8 22. Ne4 Nxe4 23. Bxe4 Bd4 24. Bxd4 cxd4 25. Bg2 e5 26. f4 Rf5 27. Bh3 e4
28. Bg2 e3 29. Rd3 Qf6 30. Rf1 Nd7 31. b4 Qb6 32. a3 Rff8 33. c5 Qf6 34. Rfd1
Nb8 35. b5 1-0

[Event "Tournoi Skype 017A"]
[Site "Skype"]
[Date "????.??.??"]
[Round "4.4"]
[White "Engstrom, Olle"]
[Black "Rico Hernandez, Edgar"]
[Result "1-0"]
[WhiteElo "1712"]
[BlackElo "1844"]
[PlyCount "45"]

1. e4 c6 2. d4 d5 3. Nc3 dxe4 4. Nxe4 Bf5 5. Ng3 Bg6 6. h4 h6 7. Nf3 Nd7 8. h5
Bh7 9. Bd3 Bxd3 10. Qxd3 Ngf6 11. Bf4 Nd5 12. Bd2 Qc7 13. O-O-O e6 14. Kb1
O-O-O 15. Rhe1 N7f6 16. Ne4 Nxe4 17. Qxe4 Bd6 18. g3 Nf6 19. Qe2 Nxh5 20. Ne5
Nf6 21. Nc4 Be7 22. Bf4 Qd7 23. Qe5 1-0

[Event "Tournoi Skype 017A"]
[Site "Skype"]
[Date "????.??.??"]
[Round "4.5"]
[White "Loayza, Juan Antonio"]
[Black "Dal, Ibrahim"]
[Result "1-0"]
[WhiteElo "1875"]
[BlackElo "1832"]
[PlyCount "99"]

1. b3 Nf6 2. Bb2 e6 3. e3 d5 4. Nf3 Nbd7 5. d4 c5 6. Nbd2 Bd6 7. Bd3 O-O 8. O-O
b6 9. e4 dxe4 10. Nxe4 Nxe4 11. Bxe4 Rb8 12. h4 Nf6 13. dxc5 Nxe4 14. cxd6 Nxd6
15. Be5 Rb7 16. Qxd6 Qxd6 17. Bxd6 Rd8 18. Be5 Rbd7 19. Rfe1 Bb7 20. Bf4 Bxf3
21. gxf3 Rd4 22. Be3 R4d5 23. Kf1 h6 24. Ke2 Rh5 25. Rh1 Rc8 26. c4 Rd8 27. f4
Kf8 28. Rad1 Ke7 29. Rxd8 Kxd8 30. Kf3 Kc7 31. Kg4 g6 32. Rd1 a6 33. Bd4 f5+
34. Kg3 g5 35. Bf6 Rxh4 36. fxg5 hxg5 37. Be5+ Kc6 38. Rd6+ Kc5 39. Rxe6 b5 40.
Rxa6 bxc4 41. Ra4 f4+ 42. Kg2 cxb3 43. axb3 Kb5 44. Bf6 Rh6 45. Bc3 f3+ 46. Kg3
Rc6 47. Bd2 g4 48. Rxg4 Rc2 49. Rd4 Rb2 50. Rd3 1-0

[Event "Tournoi Skype 017A"]
[Site "Skype"]
[Date "????.??.??"]
[Round "4.6"]
[White "Aranzubia, Desiderio"]
[Black "Lambert, Pierre"]
[Result "1/2-1/2"]
[WhiteElo "1550"]
[BlackElo "1857"]
[PlyCount "80"]

1. d4 Nf6 2. c4 e6 3. Nc3 d5 4. a3 c6 5. cxd5 cxd5 6. Bf4 Nc6 7. Nf3 Be7 8. b4
O-O 9. Nb5 Ne8 10. Rc1 a6 11. Nc3 Nf6 12. e3 Bd7 13. h3 Rc8 14. Bd3 h6 15. O-O
Re8 16. Na4 Nh5 17. Bh2 Nf6 18. Nc5 Qb6 19. Ne5 Nb8 20. Nexd7 Nbxd7 21. Nxd7
Nxd7 22. Qa4 Nf6 23. Be5 Bd6 24. Bxd6 Qxd6 25. Rc2 b5 26. Qa5 Rxc2 27. Bxc2 Rc8
28. Bd3 Qc6 29. a4 bxa4 30. Bxa6 Ra8 31. b5 Qc4 32. Ra1 Ne4 33. Qxa4 Qe2 34.
Qa2 Qxa2 35. Rxa2 Rb8 36. Rc2 Nd6 37. f3 Kf8 38. Kf2 Rb6 39. Ke2 Nxb5 40. Bxb5
Rxb5 1/2-1/2

[Event "Tournoi Skype 017A"]
[Site "Skype"]
[Date "????.??.??"]
[Round "4.7"]
[White "Barrasso, Alex"]
[Black "Megelas, Florent"]
[Result "0-1"]
[WhiteElo "1846"]
[BlackElo "1705"]
[PlyCount "56"]

1. e4 e5 2. Nf3 Nc6 3. d4 exd4 4. Bc4 Be7 5. c3 d6 6. cxd4 Bg4 7. Qb3 Nh6 8.
Bxh6 O-O 9. Be3 Bxf3 10. gxf3 Na5 11. Qc2 Nxc4 12. Qxc4 c6 13. Nc3 Bg5 14. Ke2
Bxe3 15. fxe3 Rc8 16. Qd3 Qd7 17. h4 f5 18. Rag1 Rf7 19. Nd1 Rcf8 20. Rg3 f4
21. h5 fxg3 22. f4 Qg4+ 23. Kd2 g2 24. Rg1 Qxh5 25. Rxg2 Qh3 26. Qe2 Rf6 27. f5
d5 28. Qf1 Rg6 0-1

[Event "Tournoi Skype 017A"]
[Site "Skype"]
[Date "????.??.??"]
[Round "4.8"]
[White "Legueltel, Daniel"]
[Black "Murgia, Stefano"]
[Result "1-0"]
[WhiteElo "1737"]
[BlackElo "1639"]
[PlyCount "57"]

1. d4 f5 2. Nf3 Nf6 3. g3 d6 4. Bg2 g6 5. O-O Bg7 6. c4 O-O 7. Nc3 e6 8. Qc2
Nc6 9. d5 Nb4 10. Qb3 Na6 11. dxe6 Nc5 12. Qc2 c6 13. Rd1 Qe7 14. Bf4 Rd8 15.
Rd2 Bxe6 16. Rad1 Nfe4 17. Nxe4 Nxe4 18. Rd3 Rd7 19. Nd4 Bf7 20. f3 Nc5 21. Ra3
d5 22. cxd5 Bxd5 23. b4 Na6 24. Re3 Be4 25. fxe4 Qxb4 26. Nb3 Rad8 27. Rxd7
Qe1+ 28. Bf1 Rxd7 29. Rd3 1-0

[Event "Tournoi Skype 017A"]
[Site "Skype"]
[Date "????.??.??"]
[Round "4.9"]
[White "Mulrooney, Justin"]
[Black "Holtz, Steve"]
[Result "1/2-1/2"]
[WhiteElo "1728"]
[BlackElo "1538"]
[PlyCount "68"]

1. d4 Nf6 2. c4 c6 3. Nc3 d5 4. Nf3 Nbd7 5. e3 e6 6. Bd3 Be7 7. O-O O-O 8. cxd5
exd5 9. Qc2 Re8 10. e4 dxe4 11. Nxe4 Nxe4 12. Bxe4 Nf6 13. Bd3 g6 14. b3 Bg4
15. Ng5 Qxd4 16. Bb2 Qd5 17. Ne4 Nxe4 18. Bxe4 Qh5 19. Qc3 f6 20. h3 Be6 21.
Bf3 Qh6 22. Rad1 Qf8 23. Rfe1 Bb4 24. Qxf6 Qxf6 25. Bxf6 Bxe1 26. Rxe1 a5 27.
Bc3 Bd7 28. Rd1 Re7 29. Bf6 Rf7 30. Bc3 Be8 31. Bg4 Kf8 32. Bd4 a4 33. Bc5+ Kg7
34. Bd4+ Kf8 1/2-1/2

[Event "Tournoi Skype 017A"]
[Site "Skype"]
[Date "????.??.??"]
[Round "4.10"]
[White "Bendre, Pankaj"]
[Black "Janssen, Gerard"]
[Result "1-0"]
[WhiteElo "1531"]
[BlackElo "1721"]
[PlyCount "45"]

1. e4 e5 2. Nf3 d6 3. d4 exd4 4. Qxd4 Nc6 5. Bb5 Bd7 6. Bxc6 Bxc6 7. Nc3 Nf6 8.
Bg5 Be7 9. h3 O-O 10. O-O-O h6 11. h4 hxg5 12. hxg5 Ng4 13. Rh5 Ne5 14. Rdh1
Ng6 15. Rh7 f6 16. Qc4+ Rf7 17. Nd4 Bxe4 18. Qe6 Bxg2 19. R1h2 Bf8 20. Nd5 Qd7
21. Qe2 Bxd5 22. Qh5 Re7 23. Qxg6 1-0

[Event "Tournoi Skype 017A"]
[Site "Skype"]
[Date "????.??.??"]
[Round "4.11"]
[White "Hague, Mark"]
[Black "Meaney, Mike"]
[Result "1-0"]
[WhiteElo "1456"]
[BlackElo "1485"]
[PlyCount "59"]

1. d4 d5 2. c4 e6 3. Nc3 c6 4. Bf4 Ne7 5. e3 Ng6 6. Bg3 Nd7 7. cxd5 exd5 8. f4
Be7 9. Nf3 Nf6 10. Qc2 Ng4 11. Bf2 Nh6 12. Bd3 f5 13. h3 Nh4 14. Nxh4 Bxh4 15.
O-O-O Be7 16. Rdg1 Qa5 17. a3 Bd7 18. g4 g6 19. gxf5 Nxf5 20. h4 O-O-O 21. h5
Rdf8 22. hxg6 hxg6 23. Rxh8 Rxh8 24. Rxg6 Rh1+ 25. Rg1 Rh4 26. Bxh4 Nxe3 27.
Qh2 Qc7 28. Rg8+ Bd8 29. Bxd8 Qb8 30. Ba5+ 1-0

[Event "Tournoi Skype 017A"]
[Site "Skype"]
[Date "????.??.??"]
[Round "4.14"]
[White "Karia, Vijay"]
[Black "Aceituno, Stebe"]
[Result "1-0"]
[WhiteElo "1681"]
[BlackElo "1574"]
[PlyCount "91"]

1. e4 c5 2. Nc3 Nf6 3. Nf3 d6 4. d4 cxd4 5. Nxd4 a6 6. f4 Nc6 7. Be3 e6 8. Bd3
Be7 9. O-O O-O 10. a3 Qc7 11. Qf3 e5 12. Nde2 exf4 13. Bxf4 Ne5 14. Bxe5 dxe5
15. Ng3 Qb6+ 16. Kh1 Bg4 17. Qf2 Qxf2 18. Rxf2 Bc5 19. Rff1 Bd4 20. h3 Bh5 21.
Rab1 Rac8 22. Nce2 Bc5 23. Nxh5 Nxh5 24. Rf5 Nf6 25. Rxe5 Rfe8 26. Rxe8+ Rxe8
27. Nc3 Nh5 28. Ne2 g6 29. Rf1 Be3 30. Rf3 Bg5 31. g3 Bf6 32. g4 Bxb2 33. gxh5
gxh5 34. a4 Be5 35. Ng3 h4 36. Nf5 Kh8 37. Nxh4 Rg8 38. Rxf7 Rg3 39. Nf5 Rxh3+
40. Kg2 Rh2+ 41. Kg1 h5 42. Ne7 Rh3 43. Ng6+ Kg8 44. Nxe5 Rg3+ 45. Kh2 h4 46.
Rxb7 1-0

[Event "Tournoi Skype 017A"]
[Site "Skype"]
[Date "????.??.??"]
[Round "4.16"]
[White "Trivedi, Viral"]
[Black "Prasad Singh, Ambika"]
[Result "1/2-1/2"]
[WhiteElo "1617"]
[BlackElo "1549"]
[PlyCount "90"]

1. e4 c5 2. c3 Nc6 3. d4 cxd4 4. cxd4 d6 5. Bb5 Bd7 6. a3 Nf6 7. Nc3 e6 8. Nf3
Be7 9. O-O O-O 10. d5 exd5 11. exd5 Nb8 12. Bd3 a6 13. Re1 Bg4 14. h3 Bh5 15.
Qe2 Re8 16. Ne4 Nbd7 17. Ng3 Bg6 18. Bxg6 hxg6 19. Qd3 Nb6 20. Qb3 Qc7 21. Bg5
Nbxd5 22. Rac1 Qd7 23. Ne4 Rac8 24. Rxc8 Rxc8 25. Nxf6+ Nxf6 26. Nh4 d5 27. Nf3
b5 28. Rd1 Rd8 29. Qd3 Qb7 30. b4 Qd7 31. Nd4 Qb7 32. Rc1 Rc8 33. Rxc8+ Qxc8
34. Nb3 Qc4 35. Qe3 Qe4 36. Qc3 Qc4 37. Qe3 Qc7 38. Nc5 Bxc5 39. bxc5 Ne4 40.
c6 Qxc6 41. Qf4 Nxg5 42. Qxg5 Qd7 43. Kf1 Qe6 44. Qd8+ Kh7 45. Qh4+ Kg8 1/2-1/2

[Event "Tournoi Skype 017A"]
[Site "Skype"]
[Date "????.??.??"]
[Round "4.17"]
[White "Rochette, Mathieu"]
[Black "Thoune, Jim"]
[Result "0-1"]
[WhiteElo "1604"]
[BlackElo "1562"]
[PlyCount "45"]

1. d4 Nf6 2. c4 e6 3. Nf3 d5 4. Bg5 Be7 5. Nc3 O-O 6. Qc2 h6 7. Bh4 Re8 8. e3
Nbd7 9. Bd3 dxc4 10. Bxc4 Nb6 11. Bd3 c6 12. O-O Bd7 13. Ne5 Rf8 14. Rfe1 Rc8
15. Ne4 Nxe4 16. Bxe7 Qxe7 17. Bxe4 Be8 18. Rad1 c5 19. Bf3 cxd4 20. Qe4 dxe3
21. Rxe3 Nd5 22. Qxd5 exd5 23. Ng6 0-1

[Event "Tournoi Skype 017A"]
[Site "Skype"]
[Date "????.??.??"]
[Round "4.18"]
[White "Le Brun, Yves"]
[Black "Perez Fermin, Jose"]
[Result "1-0"]
[WhiteElo "1540"]
[BlackElo "1599"]
[PlyCount "65"]

1. e4 c5 2. c3 d6 3. Nf3 Nf6 4. Bb5+ Bd7 5. Bxd7+ Nbxd7 6. d3 e6 7. O-O Be7 8.
Nbd2 O-O 9. Re1 Qc7 10. Nc4 b5 11. Ne3 Rac8 12. Bd2 Qb8 13. b3 Ne8 14. c4 b4
15. h3 Bf6 16. Rc1 Ne5 17. Nxe5 dxe5 18. Ng4 Bh4 19. g3 Be7 20. f4 exf4 21.
Bxf4 Qb6 22. e5 Rd8 23. Nf2 Nc7 24. Qg4 f5 25. exf6 Bxf6 26. Bxc7 Qxc7 27.
Qxe6+ Kh8 28. Kh2 Bd4 29. Ne4 Rde8 30. Qg4 h6 31. Rf1 Qc6 32. Rf3 Qe6 33. Rxf8+
1-0

[Event "Tournoi Skype 017A"]
[Site "Skype"]
[Date "????.??.??"]
[Round "4.19"]
[White "Coruble, Didier"]
[Black "De Nobrega, George"]
[Result "1-0"]
[WhiteElo "1511"]
[BlackElo "1563"]
[PlyCount "79"]

1. Nf3 Nc6 2. b3 e5 3. Bb2 d6 4. c4 Bg4 5. d4 Bxf3 6. gxf3 Nf6 7. e3 exd4 8.
exd4 d5 9. c5 Be7 10. Bb5 Qd7 11. Bc1 O-O 12. Be3 a6 13. Be2 Qf5 14. Bd3 Qe6
15. Rg1 Nh5 16. Qe2 Qh3 17. Nc3 Rad8 18. O-O-O Nb4 19. Bb1 Rfe8 20. a3 Nc6 21.
Qc2 g6 22. Rg4 Qxf3 23. h3 Qf6 24. Bg5 Qe6 25. Rdg1 Bxg5+ 26. Rxg5 Nf4 27. Kb2
Nxh3 28. Rxg6+ fxg6 29. Rh1 Ng5 30. f4 Nf7 31. Rg1 Kg7 32. f5 Qf6 33. fxg6 hxg6
34. Rxg6+ Qxg6 35. Qxg6+ Kf8 36. Qf6 Rd6 37. cxd6 cxd6 38. Bg6 Re7 39. Bxf7
Rxf7 40. Qh8+ 1-0

[Event "Tournoi Skype 017A"]
[Site "Skype"]
[Date "????.??.??"]
[Round "4.20"]
[White "L'Herbon De Lussats, Jean"]
[Black "Malbec, Robert"]
[Result "0-1"]
[WhiteElo "1454"]
[BlackElo "1500"]
[PlyCount "104"]

1. e4 e5 2. d4 exd4 3. Qxd4 Nc6 4. Qe3 d6 5. Bb5 Bd7 6. c4 Nf6 7. Nc3 Be7 8.
Nge2 O-O 9. O-O h6 10. Qg3 Kh7 11. Ba4 Ne5 12. Bc2 Nh5 13. Qe3 Kh8 14. b3 c6
15. Ng3 Nxg3 16. Qxg3 Bh4 17. Qe3 Qe7 18. Ne2 Bf6 19. Rb1 c5 20. Nf4 Bg5 21.
Qg3 Bh4 22. Qe3 Bg4 23. f3 Be6 24. Bb2 Bg5 25. g3 f5 26. Rf2 Qf7 27. h4 Bxf4
28. Qxf4 Rad8 29. Bxe5 dxe5 30. Qxe5 b6 31. Rbf1 Rde8 32. g4 f4 33. Rd1 Bxg4
34. Qd6 Bh5 35. e5 Kg8 36. Rd5 Re6 37. Qd7 Re7 38. Qh3 Rfe8 39. Re2 Qf8 40. e6
Qf6 41. Rxh5 Rxe6 42. Rg2 Qa1+ 43. Kh2 Re1 44. Rxg7+ Qxg7 45. Rg5 R8e2+ 46. Rg2
Rxg2+ 47. Qxg2 Qxg2+ 48. Kxg2 Re2+ 49. Kh3 Rxc2 50. Kg4 Rxa2 51. Kxf4 Rb2 52.
Kf5 Kg7 0-1

[Event "Tournoi Skype 017A"]
[Site "Skype"]
[Date "????.??.??"]
[Round "4.21"]
[White "Fouquereau, Andre"]
[Black "Raheja, Shiv"]
[Result "1-0"]
[WhiteElo "1452"]
[BlackElo "1446"]
[PlyCount "39"]

1. e4 e5 2. Nf3 Nc6 3. c3 Nf6 4. Bb5 Nxe4 5. Bxc6 dxc6 6. Nxe5 Bc5 7. O-O Qf6
8. Nf3 Qg6 9. d4 Bb6 10. Be3 O-O 11. Nbd2 Nf6 12. Nc4 Nd5 13. Nfe5 Qe4 14. Re1
Qf5 15. Nxb6 Nxe3 16. Rxe3 axb6 17. Rg3 Rd8 18. Qc1 Be6 19. Qh6 Qf6 20. Qxf6
1-0

[Event "Tournoi Skype 017A"]
[Site "Skype"]
[Date "????.??.??"]
[Round "5.1"]
[White "Plourde, Alain"]
[Black "Hilton, Stephen"]
[Result "0-1"]
[WhiteElo "1862"]
[BlackElo "1909"]
[PlyCount "34"]

1. d4 Nf6 2. c4 g6 3. Nc3 d5 4. Nf3 Bg7 5. g3 O-O 6. Bg2 dxc4 7. Ne5 c6 8. Nxc4
Nbd7 9. O-O Nb6 10. b3 Be6 11. Nxb6 Qxb6 12. Be3 Ng4 13. Qd2 Nxe3 14. fxe3 Rad8
15. Na4 Qb5 16. Nc5 Qxc5 17. dxc5 Rxd2 0-1

[Event "Tournoi Skype 017A"]
[Site "Skype"]
[Date "????.??.??"]
[Round "5.2"]
[White "Engstrom, Olle"]
[Black "Deville, Olivier"]
[Result "0-1"]
[WhiteElo "1712"]
[BlackElo "1890"]
[PlyCount "58"]

1. d4 Nf6 2. c4 e6 3. Nf3 Bb4+ 4. Bd2 Qe7 5. Nc3 O-O 6. a3 Bxc3 7. Bxc3 d6 8.
g3 Nbd7 9. Bg2 e5 10. dxe5 dxe5 11. O-O e4 12. Nd2 e3 13. Nf3 exf2+ 14. Kh1 c5
15. Qd3 Ne4 16. Rac1 Re8 17. b4 Nxc3 18. Qxc3 Qxe2 19. Rc2 Qe3 20. Qxe3 Rxe3
21. Rcxf2 Rxa3 22. bxc5 Nxc5 23. Ng5 f6 24. Bd5+ Kf8 25. Nxh7+ Ke7 26. Re2+ Kd6
27. Nf8 Bh3 28. Rfe1 Rxf8 29. Rd1 Rd3 0-1

[Event "Tournoi Skype 017A"]
[Site "Skype"]
[Date "????.??.??"]
[Round "5.3"]
[White "Megelas, Florent"]
[Black "Hervais, Adrien"]
[Result "0-1"]
[WhiteElo "1705"]
[BlackElo "1995"]
[PlyCount "46"]

1. e4 d5 2. e5 Nc6 3. Nf3 Bg4 4. Be2 Bxf3 5. Bxf3 Nxe5 6. d4 Nxf3+ 7. Qxf3 e6
8. Bf4 Ne7 9. Nd2 Nf5 10. c3 g5 11. Be5 f6 12. Bg3 h5 13. h4 gxh4 14. Bxh4 Nxh4
15. Rxh4 Qe7 16. Rxh5 Rg8 17. O-O-O O-O-O 18. Nb3 Qf7 19. g3 Qg6 20. Qe2 Bh6+
21. Nd2 Rde8 22. Rdh1 Rh8 23. Rxh6 Rxh6 0-1

[Event "Tournoi Skype 017A"]
[Site "Skype"]
[Date "????.??.??"]
[Round "5.4"]
[White "Dal, Ibrahim"]
[Black "Legueltel, Daniel"]
[Result "1/2-1/2"]
[WhiteElo "1832"]
[BlackElo "1737"]
[PlyCount "97"]

1. d4 d5 2. c4 c6 3. Nf3 Nf6 4. Nc3 e6 5. Bg5 Be7 6. e3 Nbd7 7. Rc1 O-O 8. Bd3
dxc4 9. Bxc4 a6 10. a4 Nd5 11. Bxe7 Qxe7 12. O-O N7f6 13. Ne5 Nxc3 14. Rxc3 Nd5
15. Bxd5 exd5 16. Qb3 Be6 17. Nd3 Rfd8 18. Rfc1 Rac8 19. Nc5 Rc7 20. a5 Bc8 21.
Qb6 Rd6 22. Nd3 f6 23. b4 Qd8 24. Qc5 Rcd7 25. Nf4 Re7 26. Ra3 Bf5 27. Qc3 Qe8
28. Qd2 g5 29. Ne2 Bg6 30. Rc5 h6 31. Rac3 f5 32. g3 Bh5 33. Nc1 Bf3 34. Nd3
Qh5 35. Ne1 Be4 36. f4 gxf4 37. exf4 Rde6 38. Re3 Qe8 39. Rcc3 h5 40. Kf2 Qg6
41. Nf3 Bxf3 42. Kxf3 Qg4+ 43. Kf2 Re4 44. Qe2 Qh3 45. Kg1 Rg7 46. Qf2 Qg4 47.
Rxe4 fxe4 48. Re3 Qf5 49. Kf1 1/2-1/2

[Event "Tournoi Skype 017A"]
[Site "Skype"]
[Date "????.??.??"]
[Round "5.6"]
[White "Casey, Eamonn"]
[Black "Loayza, Juan Antonio"]
[Result "1/2-1/2"]
[WhiteElo "1699"]
[BlackElo "1875"]
[PlyCount "49"]

1. d4 Nf6 2. c4 e6 3. Nf3 d5 4. Bg5 c6 5. cxd5 exd5 6. Nc3 Bf5 7. e3 Nbd7 8.
Be2 Bd6 9. Rc1 O-O 10. O-O Rc8 11. Nh4 Bg6 12. Nxg6 hxg6 13. Bg4 Qc7 14. h3
Nxg4 15. Qxg4 Nb6 16. Nb5 Qb8 17. Nxd6 Qxd6 18. Bf4 Qb4 19. b3 Qe7 20. Qg3 Rfe8
21. Bg5 f6 22. Bf4 Kf7 23. Bd6 Qd8 24. a4 Nd7 25. Rfe1 1/2-1/2

[Event "Tournoi Skype 017A"]
[Site "Skype"]
[Date "????.??.??"]
[Round "5.7"]
[White "Lambert, Pierre"]
[Black "Bendre, Pankaj"]
[Result "1-0"]
[WhiteElo "1857"]
[BlackElo "1531"]
[PlyCount "53"]

1. e4 e5 2. Nf3 Nf6 3. Nxe5 d6 4. Nf3 Nc6 5. d3 Be7 6. Be2 O-O 7. O-O Be6 8.
Nc3 a6 9. h3 b5 10. a3 h6 11. d4 d5 12. exd5 Bxd5 13. Nxd5 Nxd5 14. c3 Rb8 15.
Bd3 a5 16. Re1 Bf6 17. Qe2 b4 18. Qe4 g6 19. axb4 axb4 20. Bxh6 Bg7 21. Bxg7
Kxg7 22. c4 Re8 23. Qxd5 Qxd5 24. cxd5 Rxe1+ 25. Rxe1 Na5 26. Re7 Rc8 27. Ne5
1-0

[Event "Tournoi Skype 017A"]
[Site "Skype"]
[Date "????.??.??"]
[Round "5.8"]
[White "Rico Hernandez, Edgar"]
[Black "Hague, Mark"]
[Result "1-0"]
[WhiteElo "1844"]
[BlackElo "1456"]
[PlyCount "73"]

1. d4 Nf6 2. c4 c5 3. d5 b5 4. Qc2 b4 5. e4 d6 6. Nf3 g6 7. Bd3 Bg7 8. O-O O-O
9. Re1 Bg4 10. Nbd2 Nbd7 11. h3 Bxh3 12. gxh3 Ne5 13. Nxe5 Qc8 14. Ng4 Nxg4 15.
hxg4 Qxg4+ 16. Kf1 f5 17. exf5 Bd4 18. Be4 gxf5 19. Bg2 Rf6 20. Qd1 Qh4 21. Qf3
Rg6 22. Nb3 Be5 23. Na5 Kh8 24. Qh3 Qxh3 25. Bxh3 Rag8 26. Nc6 Rg1+ 27. Ke2
Rxe1+ 28. Kxe1 Rg1+ 29. Bf1 Bf6 30. Rb1 a6 31. Bf4 h5 32. Kd2 h4 33. Kc2 Rh1
34. Bg2 h3 35. Bxh1 Bh4 36. Re1 e5 37. dxe6 1-0

[Event "Tournoi Skype 017A"]
[Site "Skype"]
[Date "????.??.??"]
[Round "5.9"]
[White "Janssen, Gerard"]
[Black "Aranzubia, Desiderio"]
[Result "1-0"]
[WhiteElo "1721"]
[BlackElo "1550"]
[PlyCount "93"]

1. d4 d5 2. c4 c6 3. e3 Nf6 4. Nc3 dxc4 5. Bxc4 Nbd7 6. Nf3 e6 7. O-O Be7 8.
Qc2 O-O 9. a3 Nb6 10. Bd3 g6 11. b4 a5 12. bxa5 Rxa5 13. Qb3 Nbd5 14. Bd2 Nxc3
15. Bxc3 Ra8 16. Bb4 Nd5 17. Bc4 Nxb4 18. axb4 Rxa1 19. Rxa1 b5 20. Be2 Qd6 21.
Rb1 Bd7 22. Ne5 Ra8 23. Bf3 Ra4 24. Nd3 Kg7 25. Nc5 Ra8 26. Qb2 f5 27. g3 Bf6
28. Qc2 Be8 29. Nb7 Qc7 30. Na5 Rc8 31. Rc1 e5 32. dxe5 Bxe5 33. Nxc6 Bxc6 34.
Bxc6 Kf6 35. Qc5 Qd6 36. Qxb5 Bb2 37. Rc5 Ba3 38. Bf3 Rxc5 39. bxc5 Qxc5 40.
Qd7 Bb4 41. Qxh7 Qe7 42. Qh4+ Kg7 43. Qd4+ Kh7 44. h4 Bc5 45. Qd5 Bd6 46. h5
Bc5 47. hxg6+ 1-0

[Event "Tournoi Skype 017A"]
[Site "Skype"]
[Date "????.??.??"]
[Round "5.10"]
[White "Holtz, Steve"]
[Black "Barrasso, Alex"]
[Result "0-1"]
[WhiteElo "1538"]
[BlackElo "1846"]
[PlyCount "52"]

1. d4 Nf6 2. Nf3 e6 3. c3 c5 4. dxc5 Bxc5 5. e3 O-O 6. Nbd2 d5 7. Be2 Nc6 8.
Nb3 Bb6 9. O-O e5 10. Qc2 Bd7 11. Rd1 Rc8 12. a3 Qe7 13. c4 dxc4 14. Bxc4 e4
15. Nfd4 Ne5 16. Nd2 Nxc4 17. Nxc4 Bxd4 18. Rxd4 b5 19. Bd2 Rxc4 20. Rxc4 bxc4
21. Bb4 Qe5 22. Bxf8 Ng4 23. g3 Kxf8 24. Rd1 Be6 25. Qa4 Qxb2 26. Rd8+ Ke7 0-1

[Event "Tournoi Skype 017A"]
[Site "Skype"]
[Date "????.??.??"]
[Round "5.11"]
[White "Thoune, Jim"]
[Black "Segura Lozano, Marcos Antonio"]
[Result "1/2-1/2"]
[WhiteElo "1562"]
[BlackElo "1784"]
[PlyCount "71"]

1. d4 Nf6 2. c4 g6 3. Nc3 Bg7 4. e4 d6 5. Bd3 e5 6. d5 Nbd7 7. Be3 O-O 8. f3 b6
9. Nge2 Nc5 10. b4 Nxd3+ 11. Qxd3 Ba6 12. b5 Bc8 13. O-O Nd7 14. Qd2 f5 15. Kh1
f4 16. Bf2 g5 17. g4 Rf6 18. h3 Rh6 19. Kg2 Nf8 20. a4 Ng6 21. Ng1 Nh4+ 22. Kh2
a5 23. Qe2 Kf7 24. Ra3 Bd7 25. Na2 Qe7 26. Nc1 Rh8 27. Nd3 Rf6 28. Bxh4 gxh4
29. Qf2 Rg6 30. Ne1 Bf6 31. Ne2 h5 32. Rg1 hxg4 33. fxg4 Rhg8 34. Qf3 Bg5 35.
Ra2 Ke8 36. Nc3 1/2-1/2

[Event "Tournoi Skype 017A"]
[Site "Skype"]
[Date "????.??.??"]
[Round "5.13"]
[White "Murgia, Stefano"]
[Black "Saponara, Jose Maria"]
[Result "1/2-1/2"]
[WhiteElo "1639"]
[BlackElo "1563"]
[PlyCount "61"]

1. e4 d5 2. exd5 Qxd5 3. Nc3 Qd6 4. d4 Nf6 5. Bd3 a6 6. Nge2 g6 7. Bf4 Qb6 8.
Na4 Qa5+ 9. c3 c6 10. Qb3 Nbd7 11. Bc4 Nd5 12. O-O b5 13. Bxd5 cxd5 14. Qxd5
Ra7 15. Nc5 Qb6 16. Rfe1 e6 17. Nxd7 Rxd7 18. Qe5 Rg8 19. Bg5 h6 20. Bf6 Rd5
21. Qe3 g5 22. Ng3 Bb7 23. Ne4 Rf5 24. Be5 Rg6 25. Ng3 Qc6 26. f3 g4 27. Nxf5
exf5 28. Bf6+ Qe6 29. Qd2 gxf3 30. g3 Be4 31. Be5 1/2-1/2

[Event "Tournoi Skype 017A"]
[Site "Skype"]
[Date "????.??.??"]
[Round "5.14"]
[White "Duthoit, Bernard"]
[Black "Coruble, Didier"]
[Result "1-0"]
[WhiteElo "1585"]
[BlackElo "1511"]
[PlyCount "113"]

1. e4 Nc6 2. d4 e6 3. d5 exd5 4. exd5 Qe7+ 5. Qe2 Qxe2+ 6. Bxe2 Ne5 7. Bf4 d6
8. Nf3 Nxf3+ 9. Bxf3 Bf5 10. c4 Bd3 11. Nd2 O-O-O 12. b3 h6 13. Be3 b6 14. Be2
Bxe2 15. Kxe2 Re8 16. Rhe1 g5 17. Kf1 Bg7 18. Rab1 Bc3 19. Re2 Nf6 20. a4 Ng4
21. h3 Nxe3+ 22. fxe3 f5 23. Rbe1 Re7 24. Rf2 Rf8 25. Ree2 Rf6 26. Nf3 Re4 27.
Ne1 Kb7 28. Nc2 a5 29. Na3 Bb4 30. Nb5 Bc5 31. Nc3 Rxe3 32. Rxe3 Bxe3 33. Re2
f4 34. Nd1 Rf5 35. Ke1 Re5 36. Nxe3 fxe3 37. Kd1 Re4 38. Kc2 c6 39. Kd3 cxd5
40. cxd5 Re5 41. Kd4 h5 42. Rxe3 Rxe3 43. Kxe3 Ka6 44. Ke4 b5 45. Kf5 Kb6 46.
Kxg5 bxa4 47. bxa4 Kc5 48. Kxh5 Kxd5 49. g4 Ke6 50. g5 Kf7 51. Kh6 Kg8 52. Kg6
d5 53. Kf5 d4 54. Ke4 d3 55. Kxd3 Kg7 56. h4 Kg6 57. Ke4 1-0

[Event "Tournoi Skype 017A"]
[Site "Skype"]
[Date "????.??.??"]
[Round "5.15"]
[White "Prasad Singh, Ambika"]
[Black "Le Brun, Yves"]
[Result "0-1"]
[WhiteElo "1549"]
[BlackElo "1540"]
[PlyCount "92"]

1. e4 e5 2. Nf3 d6 3. c3 Be7 4. Be2 Nf6 5. O-O O-O 6. Bd3 a6 7. Bc2 Bd7 8. d4
Nc6 9. d5 Na7 10. c4 b6 11. h3 Qc8 12. Re1 b5 13. b3 c5 14. Nbd2 Nh5 15. Nxe5
dxe5 16. Qxh5 f6 17. Nf1 Be8 18. Qf3 bxc4 19. bxc4 Bg6 20. Qg3 Qd7 21. Ne3 Nc8
22. Nf5 Bxf5 23. exf5 Nd6 24. Bh6 Rf7 25. Bd3 Kh8 26. Be3 Nc8 27. f4 Bd6 28.
fxe5 Bxe5 29. Bf4 Bxa1 30. Rxa1 Ne7 31. Be4 Nxf5 32. Qg4 g6 33. Qd1 Re8 34.
Bxf5 Qxf5 35. Bd6 Qc8 36. Rb1 Rb7 37. Rb3 Rxb3 38. axb3 Re3 39. b4 cxb4 40.
Bxb4 Qxc4 41. Qd2 Rd3 42. Qb2 Rd1+ 43. Kh2 Qc7+ 44. g3 Kg7 45. Qa2 Qb6 46. Ba5
Qg1# 0-1

[Event "Tournoi Skype 017A"]
[Site "Skype"]
[Date "????.??.??"]
[Round "5.16"]
[White "Gharbi, Said"]
[Black "Trivedi, Viral"]
[Result "1-0"]
[WhiteElo "1660"]
[BlackElo "1617"]
[PlyCount "63"]

1. e4 d5 2. exd5 e6 3. dxe6 Bxe6 4. d4 Bd6 5. d5 Bxd5 6. Nc3 Nf6 7. Bg5 c6 8.
Nxd5 cxd5 9. Bxf6 Qxf6 10. c3 Bc5 11. Qe2+ Kd8 12. O-O-O Qg5+ 13. Kb1 Re8 14.
Qc4 Qf5+ 15. Bd3 Qxf2 16. Qxd5+ Nd7 17. Qg5+ Kc8 18. Bb5 Re1 19. Bxd7+ Kc7 20.
Ba4 Rxd1+ 21. Bxd1 Rd8 22. Nh3 Qd2 23. Qxc5+ Kb8 24. Bf3 Qd3+ 25. Ka1 f6 26.
Qe7 Rd7 27. Qf8+ Kc7 28. Nf4 Qb5 29. Ne6+ Kb6 30. Nd4 Qe5 31. Qb4+ Ka6 32. Qa4+
1-0